Online katalóg knižníc regiónu Turca

Zdravie a sila v potrave (Record no. 22777)

MARC details
000 -LEADER
fixed length control field 01146nam a2200349 a 4500
001 - CONTROL NUMBER
control field 22777
003 - CONTROL NUMBER IDENTIFIER
control field SK-KTurca
005 - DATE AND TIME OF LATEST TRANSACTION
control field 20260423130911.0
008 - FIXED-LENGTH DATA ELEMENTS--GENERAL INFORMATION
fixed length control field 040628s2003 xo acb g rd 001 0 slo c
020 ## - INTERNATIONAL STANDARD BOOK NUMBER
International Standard Book Number 8088719194 (viaz.)
035 ## - SYSTEM CONTROL NUMBER
System control number UKB000342661
040 ## - CATALOGING SOURCE
Original cataloging agency BA001
Language of cataloging slo
Transcribing agency BA001
Description conventions AACR2
041 1# - LANGUAGE CODE
Language code of text/sound track or separate title slo
Language code of original spa
044 ## - COUNTRY OF PUBLISHING/PRODUCING ENTITY CODE
MARC country code xo
ISO country code SK
080 ## - UNIVERSAL DECIMAL CLASSIFICATION NUMBER
Universal Decimal Classification number 613.2
080 ## - UNIVERSAL DECIMAL CLASSIFICATION NUMBER
Universal Decimal Classification number 641.56
100 1# - MAIN ENTRY--PERSONAL NAME
Personal name Pamplona-Roger, George D.
245 00 - TITLE STATEMENT
Title Zdravie a sila v potrave
Remainder of title kniha o správnom a nesprávnom výbere toho, čo jeme
Statement of responsibility, etc. George D. Pamplona-Roger ; [fotografie Ángel Chicharro ... et al. ; zo španielskeho originálu preložila Agentúra LEXIS Martin]
250 ## - EDITION STATEMENT
Edition statement 1. vyd
260 ## - PUBLICATION, DISTRIBUTION, ETC.
Place of publication, distribution, etc. Vrútky
Name of publisher, distributor, etc. Advent-Orion
Date of publication, distribution, etc. 2003
300 ## - PHYSICAL DESCRIPTION
Extent 383 s
490 1# - SERIES STATEMENT
Series statement Život a zdravie
504 ## - BIBLIOGRAPHY, ETC. NOTE
Bibliography, etc. note Bibliogr. s. 369-375. Reg. s. 8-11, 376-383
650 07 - SUBJECT ADDED ENTRY--TOPICAL TERM
Topical term or geographic name entry element potraviny
General subdivision účinky liečivé
-- popis terapeutický
-- recepty
653 ## - INDEX TERM--UNCONTROLLED
Uncontrolled term 613.2
653 ## - INDEX TERM--UNCONTROLLED
Uncontrolled term 641.56
710 0# - ADDED ENTRY--CORPORATE NAME
Corporate name or jurisdiction name as entry element Agentúra LEXIS Martin
Relationship trl
760 1# - MAIN SERIES ENTRY
Title Život a zdravie
765 0# - ORIGINAL LANGUAGE ENTRY
Title Healthy foods
Main entry heading Pamplona-Roger, George D.
830 #0 - SERIES ADDED ENTRY--UNIFORM TITLE
Uniform title Život a zdravie
942 ## - ADDED ENTRY ELEMENTS (KOHA)
Source of classification or shelving scheme Dewey Decimal Classification
Koha item type Odborná literatúra pre dospelých
Suppress in OPAC No
Holdings
Stav vyradenia Strata Poškodenie Spôsob nadobudnutia Domovská knižnica Aktuálna knižnica Dátum nadobudnutia Total checkouts Čiarový kód exemplára Date last seen Typ exemplára
      Dar Obecná knižnica Belá-Dulice Obecná knižnica Belá-Dulice 23.04.2026   4735903410 23.04.2026 Odborná literatúra pre dospelých
Projekt je podporený Slovenskou asociáciou knižníc
Prevádzkuje Turčianska knižnica Martin 2026